[Event "Kampala Sagewood Cup"]
[Site "Kampala"]
[Date "2024.05.19"]
[Round "8"]
[White "Kiyan, Alpesh Hirani"]
[Black "Kazibwe, Jovan"]
[Result "1-0"]
[WhiteElo "1508"]
[BlackElo "1661"]
[PlyCount "50"]
[EventDate "2024.05.16"]
[EventType "swiss"]
[EventRounds "8"]
[EventCountry "UGA"]
[SourceTitle "CB22_2024"]
[SourceDate "2024.05.29"]
[SourceVersion "1"]
[SourceVersionDate "2024.05.29"]
[SourceQuality "1"]

1. d4 e5 2. dxe5 Nc6 3. Bf4 Qe7 4. c3 Nxe5 5. e3 d6 6. Nd2 Ng6 7. Bg3 Be6 8. Ngf3 Nf6 9. h3 Qd7 10. Bc4 Bxc4 11. Nxc4 Qb5 12. Qb3 Qxb3 13. axb3 Ne4 14. Bh2 Nc5 15. b4 Ne6 16. b5 Be7 17. b6 d5 18. Rxa7 Rxa7 19. bxa7 0-0 20. Na3 Ra8 21. 0-0 Rxa7 22. Nc2 Bf6 23. Rb1 c6 24. Ncd4 Nxd4 25. Nxd4 c5 1-0

[Event "Kampala Sagewood Cup"]
[Site "Kampala"]
[Date "2024.05.18"]
[Round "6"]
[White "Ssenyomo, George William"]
[Black "Kazibwe, Jovan"]
[Result "1-0"]
[WhiteElo "1767"]
[BlackElo "1661"]
[PlyCount "61"]
[EventDate "2024.05.16"]
[EventType "swiss"]
[EventRounds "8"]
[EventCountry "UGA"]
[SourceTitle "CB22_2024"]
[SourceDate "2024.05.29"]
[SourceVersion "1"]
[SourceVersionDate "2024.05.29"]
[SourceQuality "1"]

1. e4 d6 2. Bc4 Nf6 3. Nc3 g6 4. d3 Bg7 5. h3 c6 6. a4 Nbd7 7. Nf3 0-0 8. Be3 e6 9. Bb3 d5 10. e5 Ne8 11. d4 c5 12. Ne2 c4 13. Ba2 a6 14. 0-0 b5 15. c3 Nb6 16. a5 Nd7 17. Bb1 Nb8 18. b4 cxb3 19. Qxb3 Nc6 20. Qa2 f6 21. exf6 Nxf6 22. Bg5 Qd7 23. Bd3 Re8 24. Rfe1 e5 25. dxe5 Ne4 26. Bxe4 Qf7 27. Qxd5 Bb7 28. Qxf7+ Kxf7 29. Bd5+ Kf8 30. Nfd4 Nxd4 31. Bxb7 1-0

[Event "Kampala Sagewood Cup"]
[Site "Kampala"]
[Date "2024.05.17"]
[Round "3"]
[White "Serwadda, Timothy Mulungi"]
[Black "Kazibwe, Jovan"]
[Result "0-1"]
[WhiteElo "1423"]
[BlackElo "1661"]
[PlyCount "43"]
[EventDate "2024.05.16"]
[EventType "swiss"]
[EventRounds "8"]
[EventCountry "UGA"]
[SourceTitle "CB22_2024"]
[SourceDate "2024.05.29"]
[SourceVersion "1"]
[SourceVersionDate "2024.05.29"]
[SourceQuality "1"]

1. e4 e5 2. Nf3 Nf6 3. Bc4 Nc6 4. d3 Bc5 5. h3 h6 6. 0-0 d6 7. a3 Ne7 8. Nc3 Ng6 9. Be3 Bxe3 10. fxe3 c6 11. d4 Qb6 12. Qd2 0-0 13. Kh1 Re8 14. dxe5 dxe5 15. Qf2 Qc7 16. Qg3 Kh8 17. Nh4 Nxh4 18. Qxh4 Be6 19. Bxe6 Rxe6 20. Rf3 Rd6 21. Rg3 Rad8 22. Rc1 0-1